Städte Bayerns - Bilderquiz - Statistiken

Allgemein
  • Dieses Quiz wurde 52 mal gespielt
  • Das Durchschnittsergebnis liegt bei 11 aus 20
Antwortstatistiken
Bildquiz Antwort % Korrekt
München
96%
Passau
82%
Bamberg
78%
Regensburg
76%
Lindau
73%
Nürnberg
73%
Augsburg
71%
Würzburg
71%
Rothenburg
63%
Bayreuth
61%
Landshut
61%
Aschaffenburg
55%
Fürth
53%
Ingolstadt
53%
Kempten
39%
Rosenheim
39%
Schweinfurt
37%
Straubing
24%
Memmingen
16%
Freising
12%
Keine übereinstimmenden Quizze gefunden
Verteilung der Resultate
Anzahl Personen mit jedem Resultat
Perzentil nach korrekt beantworteten Fragen
Ihre Resultats-Entwicklung
Sie haben dieses Quiz noch nicht gespielt